000 nam a22 a 4500
999 _c431007
_d431007
003 BLK
005 20210902153103.0
008 210902b bul|||||r ||||||| ||bul||
040 _aBLK
041 _aBUL
_cBUL
080 _aОснови на възпитанието (материални, теоретични, философски и др.). Педагогика
_b37.01
_x(437.1)(092)
_z37.01(437.1)(092)
080 _aЧешки религиозен деец, мислител, общественик, родоначалник на съвременната педагогика
_b929 Коменски, Ян Амос
_z929 Коменски, Ян Амос
139 _aЖивотът и деятелността на Яна Амоса Коменски
245 1 0 _aЖивотът и деятелността на Яна Амоса Коменски
_cПрев. от рус. В. И. Кирчев
260 _aПловдив
_bХристо Г. Данов
_c1897
_9209596
_n954-442-
300 _a31 с., 1 л. : портр.
_c20 см
380 _a3
490 _9435080
_aКолекция Редки и ценни издания
600 1 4 _981721
_aКоменски, Ян Амос
650 0 _9273022
_aПедагози, чешки
653 7 _9193477
_aпедагогика
852 _aРб 897
_bРц
942 _cKNG
_n0
_s1
944 _aCR
_c2021-06-23
_kГГГ